| 000 | 00800nam a2200229 i 4500 | ||
|---|---|---|---|
| 001 | bg | ||
| 100 | 1 | _aBARDZIŃSKA-BONENBERG, Teresa | |
| 245 | 1 | 0 |
_aTendencje kształtowania zabudowy śródmiejskiej w procesie rewitalizacji / _cTeresa Bardzińska-Bonenberg. |
| 260 |
_aPoznań : _bWydaw. PP, _c1998. |
||
| 300 |
_a128, [1] s. : _brys. ; _c24 cm. |
||
| 490 | 1 |
_aRozprawy / Politechnika Poznańska, _x0551-6528 ; _vnr 332 |
|
| 500 | _aStreszcz ang. | ||
| 504 | _aBibliogr. s. 118-123. | ||
| 650 | 9 |
_aŚródmieścia _xzagadnienia _zEuropa Zachodnia |
|
| 650 | 9 |
_aUrbanistyka _xzagadnienia _zEuropa Zachodnia |
|
| 830 | 0 |
_aRozprawy (Politechnika Poznańska) ; _vnr 332 |
|
| 040 | _cBPK | ||
| 041 | 0 |
_apl _ben |
|
| 080 | _a711.4/.8(4-15) | ||
| 942 | _cKS | ||
| 008 | s pl f |000 0 pol | ||
| 999 |
_c36535 _d36535 |
||
| 856 |
_uhttp://koha.tu.koszalin.pl/cgi-bin/koha/opac-detail.pl?biblionumber=36535 _yKatalog online BPK |
||